Henry and Mudge and the starry night / (Record no. 4770)
[ view plain ]
| 000 -LEADER | |
|---|---|
| fixed length control field | 01039nam a22003017a 4500 |
| 001 - CONTROL NUMBER | |
| control field | 4770 |
| 003 - CONTROL NUMBER IDENTIFIER | |
| control field | FISKH |
| 005 - DATE AND TIME OF LATEST TRANSACTION | |
| control field | 20241219141938.0 |
| 008 - FIXED-LENGTH DATA ELEMENTS--GENERAL INFORMATION | |
| fixed length control field | 241010b cb ||||| |||| 00| 0 eng d |
| 020 ## - INTERNATIONAL STANDARD BOOK NUMBER | |
| International Standard Book Number | 9780590040501 |
| 040 ## - CATALOGING SOURCE | |
| Original cataloging agency | FISKH |
| Language of cataloging | eng |
| Transcribing agency | FISKH |
| Modifying agency | FISKH |
| 050 ## - LIBRARY OF CONGRESS CALL NUMBER | |
| Classification number | PZ7.R982 |
| 082 ## - DEWEY DECIMAL CLASSIFICATION NUMBER | |
| Classification number | 507 |
| 100 ## - MAIN ENTRY--PERSONAL NAME | |
| Personal name | Rylant, Cynthia |
| Dates associated with a name | (1954-) |
| 245 ## - TITLE STATEMENT | |
| Title | Henry and Mudge and the starry night / |
| Statement of responsibility, etc. | The Seventeenth Book of Their advantures Story by Cynthia Rylant Pictures by Sucie Stevenson |
| 250 ## - EDITION STATEMENT | |
| Edition statement | First printing in 1998 |
| 260 ## - PUBLICATION, DISTRIBUTION, ETC. | |
| Place of publication, distribution, etc. | New York : |
| Name of publisher, distributor, etc. | Scholastic, |
| Date of publication, distribution, etc. | 1998. |
| 300 ## - PHYSICAL DESCRIPTION | |
| Extent | 40 pages : |
| Other physical details | Color illustrations ; |
| Dimensions | 23 cm |
| 505 ## - FORMATTED CONTENTS NOTE | |
| Formatted contents note | J<br/> |
| 520 ## - SUMMARY, ETC. | |
| Summary, etc. | Henry, his dog Mudge, and his parents go on a quiet camping trip to Big Bear Lake, enjoying the clean smell of trees and wonderful green dreams. |
| 521 8# - TARGET AUDIENCE NOTE | |
| Target audience note | 440L<br/> |
| Source | Lexile<br/> |
| 521 8# - TARGET AUDIENCE NOTE | |
| Target audience note | J<br/> |
| Source | Raz-Plus<br/> |
| 650 ## - SUBJECT ADDED ENTRY--TOPICAL TERM | |
| Source of heading or term | Camping |
| Topical term or geographic name entry element | Chapter book |
| 650 ## - SUBJECT ADDED ENTRY--TOPICAL TERM | |
| Source of heading or term | Friendship |
| Topical term or geographic name entry element | Family |
| Form subdivision | Dogs |
| 700 ## - ADDED ENTRY--PERSONAL NAME | |
| Personal name | Stevenson, Sucie |
| Dates associated with a name | Illustrator |
| 942 ## - ADDED ENTRY ELEMENTS (KOHA) | |
| Source of classification or shelving scheme | Dewey Decimal Classification |
| Koha item type | Books |
| Suppress in OPAC | No |
| Withdrawn status | Lost status | Source of classification or shelving scheme | Damaged status | Not for loan | Collection | Home library | Current library | Shelving location | Date acquired | Total Checkouts | Full call number | Barcode | Date last seen | Date last checked out | Copy number | Price effective from | Koha item type |
|---|---|---|---|---|---|---|---|---|---|---|---|---|---|---|---|---|---|
| Dewey Decimal Classification | Juvenile Fiction | Footprints International School Library Network Toul Kork Campus | Footprints International School Library Network Toul Kork Campus | TK Primary Library Room(4th Floor), Bookcase 1&2, Shelves 1-16, Dark Blue Books | 10/10/2024 | 1 | RYL 507 PZ7.R982 | 2024-2114 | 04/23/2026 | 04/09/2026 | 1 | 10/10/2024 | Books | ||||
| Dewey Decimal Classification | Juvenile Fiction | Footprints International School Library Network Toul Kork Campus | Footprints International School Library Network Toul Kork Campus | TK Primary Library Room(4th Floor), Bookcase 1&2, Shelves 1-16, Dark Blue Books | 10/28/2024 | RYL 507 PZ7.R982 | 2024-2240 | 10/28/2024 | 2 | 10/28/2024 | Books | ||||||
| Dewey Decimal Classification | Juvenile Fiction | Footprints International School Library Network Toul Kork Campus | Footprints International School Library Network Toul Kork Campus | TK Primary Library Room(4th Floor), Bookcase 1&2, Shelves 1-16, Dark Blue Books | 12/19/2024 | RYL 507 PZ7.R982 | FISBK04300 | 12/19/2024 | 3 | 12/19/2024 | Books |
